Marketing today's academic library : (Record no. 9988)

MARC details
000 -LEADER
fixed length control field 00717nam a22002172 4500
001 - CONTROL NUMBER
control field 0000023819
005 - DATE AND TIME OF LATEST TRANSACTION
control field 20151217152249.0
008 - FIXED-LENGTH DATA ELEMENTS--GENERAL INFORMATION
fixed length control field 130327s xx 000 0 eng d
020 ## - INTERNATIONAL STANDARD BOOK NUMBER
International Standard Book Number 8170005964 :
040 ## - CATALOGING SOURCE
Original cataloging agency KABU
Transcribing agency KABU
100 1# - MAIN ENTRY--PERSONAL NAME
Personal name Mathews, Brian.
-- 0000183536
245 10 - TITLE STATEMENT
Title Marketing today's academic library :
Remainder of title a bold new approach to communicating with students /
Statement of responsibility, etc. Brian mathews.
250 ## - EDITION STATEMENT
Edition statement 1st ed.
260 ## - PUBLICATION, DISTRIBUTION, ETC. (IMPRINT)
Place of publication, distribution, etc. New Delhi :
Name of publisher, distributor, etc. Ess Ess,
Date of publication, distribution, etc. 2009.
300 ## - PHYSICAL DESCRIPTION
Extent xv, 171 p.
650 #0 - SUBJECT ADDED ENTRY--TOPICAL TERM
Topical term or geographic name as entry element Academic libraries
General subdivision Marketing.
-- 0000183537
650 #0 - SUBJECT ADDED ENTRY--TOPICAL TERM
Topical term or geographic name as entry element Academic libraries
General subdivision Public relations.
-- 0000183538
852 1# - LOCATION
-- p1539 KES
908 ## - PUT COMMAND PARAMETER (RLIN)
Put command parameter 130327
950 ## - LOCAL HOLDINGS (RLIN)
-- 1
Holdings
Withdrawn status Lost status Source of classification or shelving scheme Not for loan Home library Current library Date acquired Total Checkouts Total Renewals Full call number Barcode Date last seen Date last checked out Price effective from Koha item type
    Library of Congress Classification   Kabarak, Main Campus Kabarak, Main Campus 17/12/2015 1 1 Z716.3 .M38 2009 c. 1 014855 08/03/2016 04/02/2016 17/12/2015 General Collection
Designed with assistance from East African Informatics Ltd